000 00424nam a2200145Ia 4500
008 231129s2010||||xx |||||||||||||| ||spa||
020 _a978-958-741-058-7
040 _bspa
082 _a346.0482 P716r
100 _aPlata López Luis Carlos
245 0 _aResponsabilidad civil por infracciones al derecho de autor
260 _c2010
264 _aEdiciones Uninorte
942 _2ddc
_cBKS
999 _c24027
_d24027